Čítanka pro desátý ročník pokusná učebnice

Bibliographic Details
Main Author: Cenek, Svatopluk (Author)
Format: Book
Language:English
Published: Praha Státní pedagogické nakladatelství 1961
Edition:3. vyd.

MARC

LEADER 00000nam a2200000 a 4500
001 vtls010303752
003 SK-MaSNL
005 20260302011900.0
008 240315 000 0 eng
040 |a SNK  |b slo  |c SNK  |e AACR2 
100 1 |a Cenek, Svatopluk  |4 aut  |9 422246 
245 1 |a Čítanka pro desátý ročník  |b pokusná učebnice  |c Svatopluk Cenek, Milan Jungmann a Milan Maralík 
250 |a 3. vyd. 
260 |a Praha  |b Státní pedagogické nakladatelství  |c 1961  |e Brno  |f Rudé právo 
300 |a 271 s. 
999 |c 1007705  |d 1009635 
952 |a SNK  |b SNK  |y PREZ  |7 0  |p 17A0708898  |o snkSD 20543  |i snkKIP 8572/61  |0 0  |1 0  |4 0  |d 2011-08-16  |l 0  |r 2025-12-04 00:00:00  |w 2026-02-24